Myanmar : Selected Issues.

This Selected Issues paper examines the strategy and priorities for reform in Myanmar's financial sector. The IMF helped design and implement a foreign currency auction by the Central Bank of Myanmar (CBM), as a first step to develop foreign currency price discovery and replace a heavily regula...

Повний опис

Бібліографічні деталі
Співавтор: International Monetary Fund. Asia and Pacific Dept
Формат: Журнал
Мова:English
Опубліковано: Washington, D.C. : International Monetary Fund, 2017.
Серія:IMF Staff Country Reports; Country Report ; No. 2017/031
Предмети:
Онлайн доступ:Full text available on IMF
LEADER 01768cas a2200253 a 4500
001 AALejournalIMF022046
008 230101c9999 xx r poo 0 0eng d
020 |c 5.00 USD 
020 |z 9781475574135 
022 |a 1934-7685 
040 |a BD-DhAAL  |c BD-DhAAL 
110 2 |a International Monetary Fund.  |b Asia and Pacific Dept. 
245 1 0 |a Myanmar :   |b Selected Issues. 
264 1 |a Washington, D.C. :  |b International Monetary Fund,  |c 2017. 
300 |a 1 online resource (44 pages) 
490 1 |a IMF Staff Country Reports 
500 |a <strong>Off-Campus Access:</strong> No User ID or Password Required 
500 |a <strong>On-Campus Access:</strong> No User ID or Password Required 
506 |a Electronic access restricted to authorized BRAC University faculty, staff and students 
520 3 |a This Selected Issues paper examines the strategy and priorities for reform in Myanmar's financial sector. The IMF helped design and implement a foreign currency auction by the Central Bank of Myanmar (CBM), as a first step to develop foreign currency price discovery and replace a heavily regulated formal market segmented from informal markets, with the ultimate objective of creating a unified market. Key achievements have included new legislation to establish an autonomous CBM with clearer authority for licensing, supervision and regulation of banks, and monetary policy, in line with a new mandate for price and financial stability. Significant progress has also been made in bank supervision. 
538 |a Mode of access: Internet 
651 7 |a Myanmar  |2 imf 
830 0 |a IMF Staff Country Reports; Country Report ;  |v No. 2017/031 
856 4 0 |z Full text available on IMF  |u http://elibrary.imf.org/view/journals/002/2017/031/002.2017.issue-031-en.xml  |z IMF e-Library